MARC

LEADER 00000nam0a2200000 4500
001 296502
005 20231102000919.0
035 |a (RuTPU)RU\TPU\book\321609 
090 |a 296502 
100 |a 20150601d1983 k y0rusy50 ca 
101 0 |a rus 
102 |a AZ 
105 |a a z 001zy 
200 1 |a Защита оборудования от коррозии  |e научные труды  |f Всесоюзный научно-исследовательский и проектный институт по подготовке к транспортировке и переработке природного газа ; под ред. Н. М. Гусейнова 
210 |a Баку  |c Изд-во ВНИПИгаз  |d 1983 
215 |a 90 с.  |c ил. 
320 |a Библиография в конце статей 
606 1 |a Газопромысловое оборудование  |x Защита от коррозии  |2 stltpush  |3 (RuTPU)RU\TPU\subj\5183 
610 1 |a сероводородное растрескивание 
610 1 |a стойкость 
610 1 |a газоперекачивающее оборудование 
610 1 |a газопромысловое оборудование 
610 1 |a катодная защита 
610 1 |a морские промычлы 
610 1 |a атмосферостойкость 
610 1 |a смазки 
610 1 |a полимерные мастики 
610 1 |a морская коррозия 
610 1 |a противокоррозийная защита 
675 |a 622.279.05  |v 4 
702 1 |a Гусейнов  |b Н. М.  |4 340 
712 0 2 |a Всесоюзный научно-исследовательский и проектный институт по подготовке к транспортировке и переработке природного газа  |2 stltpush  |3 (RuTPU)RU\TPU\col\9584  |9 24729 
801 1 |a RU  |b 63413507  |c 20150601 
801 2 |a RU  |b 63413507  |c 20181029  |g RCR 
942 |c BK